000 00515nam a22001697a 4500
005 20240926075842.0
008 240926b |||||||| |||| 00| 0 eng d
020 _a0409006009
041 _aEnglish
082 _a348 SOU
100 _lEnglish
245 _aThe South African Encyclopaedia of Forms and Precedents /
_cC Weinberg
260 _aDurban:
_bButterworth and Publishers.
_c1982
300 _bxli, 290 pages;
_c26 cm.
650 _aLegal practice
_bLaw
942 _cBK
_6ALISON_BN_VRIES
999 _c3140
_d3140